00246nam a2200097 a 4500008004100000050001600041100001800057245002600075246003800101350000900139120416s9999 xx |||||||||||||| || u aNA 9050 Jon aJones, Bernie10aNeighborhood planning aa guide for citizens and planners a0.00